Country Capitals from 'S' by Images - Statistics

General Stats
  • This quiz has been taken 35 times
  • The average score is 8 of 19
Answer Stats
Picture Answer % Correct
Sofia
75%
Seoul
67%
San Marino
58%
San Salvador
58%
Singapore
58%
Stockholm
58%
San José
50%
Santiago
42%
Sao Tome
42%
Skopje
42%
Sanaa
33%
Santo Domingo
33%
Sucre
33%
Saint John's
25%
Sarajevo
25%
South Tarawa
25%
Saint George's
17%
Suva
17%
Sri Jayawardenepura Kotte
8%
No matching quizzes found
Score Distribution
Percent of People with Each Score
Percentile by Number Answered
Your Score History
You have not taken this quiz